Τ'Απανουμίτ'κα (το γλωσσικό ιδίωμα της Επανομής)

Αποθηκεύτηκε σε:
Λεπτομέρειες βιβλιογραφικής εγγραφής
Κύριος συγγραφέας: Παζαράς, Θεοχάρης Ν.
Μορφή: Βιβλίο
Γλώσσα:Greek
Δημοσίευση: Θεσσαλονίκη : [Σ. Παχούδης & Σια ο.ε.], 2012
Θέματα:
Ετικέτες: Προσθήκη ετικέτας
Δεν υπάρχουν, Καταχωρήστε ετικέτα πρώτοι!

MARC

LEADER 00000cam a2200000 i 4500
001 1/20274
008 120607s2012 gre d
020 |a 978-960-6700-71-2 
035 |l 10112678 
040 |a GR-MY-UA  |b gre  |e aacr 
041 0 |a gre 
082 0 |a 489.3  |2 (22) 
100 1 |a Παζαράς, Θεοχάρης Ν. 
245 1 0 |a Τ'Απανουμίτ'κα (το γλωσσικό ιδίωμα της Επανομής) /   |c Θεοχάρης Ν. Παζαράς ; γλωσσολογική επιμέλεια: Χριστόδουλος Χριστοδούλου 
260 |a Θεσσαλονίκη :   |b [Σ. Παχούδης & Σια ο.ε.],   |c 2012 
300 |a 263 σ.;  |c 24 εκ. 
504 |a Βιβλιογραφία: σ. 262-263. 
650 0 |a Greek language, Modern  |x Idioms  |z Greece  |z Epanome. 
650 0 |a Greek language, Modern  |x Dialects  |z Greece  |z Epanome. 
650 0 0 |a Speech and social status. 
650 0 0 |a Greek language  |x Etymology  |x Glossaries, vocabularies, etc. 
852 |a INST  |b RHODES  |e 20120607  |h 489.3 ΠΑΖ  |p 005400034430  |q 005400034430  |t BK  |y 0 
901 |a BIBL4-2012-2 
909 |a Ρ  |b 171064 
970 |z 2012/06/07